000 00723nam a2200241Ia 4500
003 OSt
005 20220928125149.0
006 a|||||r|||| 00| 0
007 ta
008 220927b |||||||| |||| 00| 0 eng d
024 _a36274
037 _cTextual
040 _aSDCL
_cSDCL
_beng
041 _2eng
_aeng
082 _aX:(G:55).5'N9, N8
100 _aLowe Philip Ed.
_9468474
245 0 _aBritish environmental policy and Europe
_b Politics and policy in transition.
260 _aLondon
_bRoutledge
_c1998
300 _axvii,326p
_ccm.
700 _a Ward Stephen Ed.
_9468475
942 _hX:(G:55).5'N9, N8
_cTEXL
_2CC
999 _c781286
_d781286